Editorial Design Third Edition (Record no. 5397)

MARC details
000 -CABECERA
campo de control de longitud fija 02592nam a22003973i 4500
001 - NÚMERO DE CONTROL
campo de control 991027459001307026
003 - IDENTIFICADOR DEL NÚMERO DE CONTROL
campo de control UkOxU
005 - FECHA Y HORA DE LA ÚLTIMA TRANSACCIÓN
campo de control 20260306133552.0
006 - CÓDIGOS DE INFORMACIÓN DE LONGITUD FIJA--CARACTERÍSTICAS DEL MATERIAL ADICIONAL
campo de control de longitud fija m o d |
007 - CAMPO FIJO DE DESCRIPCIÓN FÍSICA--INFORMACIÓN GENERAL
campo de control de longitud fija cr#cnu||||||||
008 - DATOS DE LONGITUD FIJA--INFORMACIÓN GENERAL
campo de control de longitud fija 241019s2024 xx o ||||0 eng d
020 ## - NÚMERO INTERNACIONAL ESTÁNDAR DEL LIBRO
Número Internacional Estándar del Libro 9781529419818
020 ## - NÚMERO INTERNACIONAL ESTÁNDAR DEL LIBRO
Número Internacional Estándar del Libro 1529419816
035 ## - NÚMERO DE CONTROL DEL SISTEMA
Número de control de sistema (MiAaPQ)EBC30645740
035 ## - NÚMERO DE CONTROL DEL SISTEMA
Número de control de sistema (Au-PeEL)EBL30645740
035 ## - NÚMERO DE CONTROL DEL SISTEMA
Número de control de sistema (CKB)36361887800041
035 ## - NÚMERO DE CONTROL DEL SISTEMA
Número de control de sistema (Exl-AI)30645740
035 ## - NÚMERO DE CONTROL DEL SISTEMA
Número de control de sistema (Perlego)4194661
035 ## - NÚMERO DE CONTROL DEL SISTEMA
Número de control de sistema (OCoLC)1468711058
035 ## - NÚMERO DE CONTROL DEL SISTEMA
Número de control de sistema (EXLCZ)9936361887800041
040 ## - FUENTE DE LA CATALOGACIÓN
Centro catalogador/agencia de origen MiAaPQ
Lengua de catalogación eng
Normas de descripción rda
-- pn
Centro/agencia transcriptor MiAaPQ
Centro/agencia modificador MiAaPQ
041 ## - CÓDIGO DE LENGUA
Código de lengua del texto/banda sonora o título independiente English
050 #4 - SIGNATURA TOPOGRÁFICA DE LA BIBLIOTECA DEL CONGRESO
Número de clasificación Z246.C35
100 ## - ENTRADA PRINCIPAL--NOMBRE DE PERSONA
Nombre de persona Caldwell, Cath.
9 (RLIN) 26844
245 10 - MENCIÓN DE TÍTULO
Título Editorial Design Third Edition
Resto del título : Digital and Print.
250 ## - MENCIÓN DE EDICIÓN
Mención de edición Third edtion
264 #1 - PRODUCCIÓN, PUBLICACIÓN, DISTRIBUCIÓN, FABRICACIÓN Y COPYRIGHT
Producción, publicación, distribución, fabricación y copyright London :
Nombre del de productor, editor, distribuidor, fabricante Laurence King Publishing,
Fecha de producción, publicación, distribución, fabricación o copyright 2024.
300 ## - DESCRIPCIÓN FÍSICA
Extensión 222 pages
505 8# - NOTA DE CONTENIDO CON FORMATO
Nota de contenido con formato Editorial Design -- What is editorial design? ; Editorial and commerce ; The different roles of designers in editorial ; Insights: Jeremy Leslie, magCulture -- Changing Editorial Formats -- Newspapers ; Magazines ; The changing face of digital ; Insights: Alex Breuer, The Guardian ; Brief One: Concepts -- Independent Magazines -- Setting out to self-publish ; Insights: Steven Watson, Stack magazines ; Insights: Richard Turley, Civilization -- Covers -- Branding and identity ; The cover ; The development of covers from 1940 to the present day ; The different ways of designing covers ; The components of a cover ; Insights: Ian Birch, editorial director and author ; Insights: Platon, editorial photographer ; Brief Two: Masthead and covers -- Seamlessly Integrating Digital and Print.
520 ## - SUMARIO, ETC.
Sumario, etc. This book explores the field of editorial design, offering a comprehensive guide to creating effective page layouts across both print and digital mediums. It delves into the relationship between editorial design and commerce, the roles of designers, and the various formats of editorial publications. The text provides insights into independent magazines, cover design, and the integration of digital and print content. It aims to equip readers with essential design skills, from typography to art direction, and examines the evolution of editorial design. The book is intended for design students and professionals, providing practical guidance and inspiration from leading figures in the industry.
650 #0 - PUNTO DE ACCESO ADICIONAL DE MATERIA--TÉRMINO DE MATERIA
Término de materia o nombre geográfico como elemento de entrada Digital media
9 (RLIN) 9437
650 #0 - PUNTO DE ACCESO ADICIONAL DE MATERIA--TÉRMINO DE MATERIA
Término de materia o nombre geográfico como elemento de entrada Digital media - Design
9 (RLIN) 26845
650 #0 - PUNTO DE ACCESO ADICIONAL DE MATERIA--TÉRMINO DE MATERIA
Término de materia o nombre geográfico como elemento de entrada Graphic design (Typography)
9 (RLIN) 24849
650 #0 - PUNTO DE ACCESO ADICIONAL DE MATERIA--TÉRMINO DE MATERIA
Término de materia o nombre geográfico como elemento de entrada Visual communication
9 (RLIN) 8714
942 ## - ELEMENTOS DE ENTRADA AGREGADA (KOHA)
Fuente del sistema de clasificación o colocación Clasificación de Library of Congress
Holdings
Estado de retiro Estado de pérdida Fuente del sistema de clasificación o colocación Estado dañado No para préstamo Biblioteca de origen Biblioteca actual Fecha de adquisición Total de préstamos Fecha visto por última vez Número de copia Precio válido a partir de Tipo de ítem Koha Nota pública
    Clasificación de Library of Congress     TBS Barcelona TBS Barcelona 06/03/2026   06/03/2026 1 06/03/2026 Book SOON AVAILABLE

Powered by Koha